000 003090000a22001330004500
020 _a0-590-47144-9
082 0 4 _aG RA C127h
100 1 _aCaldwell, Margaret
245 1 0 _aHairs designs : Fun and fancy / Margaret Caldwell
260 _aMew York : Scholastic
300 _a48 p.
001 547
942 _cLGB
999 _c47758
_d47758